| 000 | 00359nam a2200145Ia 4500 | ||
|---|---|---|---|
| 100 | _aSrinivas/J | ||
| 650 | _aStress analysis | ||
| 942 | _cBK | ||
| 366 | _f20 | ||
| 245 | _aStress analysis and experimental techniques:An introduction | ||
| 260 |
_bNarosa Publication House _c2012 |
||
| 082 |
_a658.4095 _bSRI |
||
| 546 |
_aENGLISH _cInfo.Tech |
||
| 999 |
_c31644 _d31644 |
||